Países Europeus - Digite a Primeira Letra - Statistics

Estatísticas Gerais
  • Esse quiz foi jogado 286 vezes
  • A pontuação média é 26 de 45
Respostas no mapa
Respostas codificadas por cores de uma escala verde-vermelha no mapa do quiz de acordo com a % correta abaixo.
 
Estatísticas das Respostas
país % Correto
Eslovénia
65%
Espanha
65%
Grécia
65%
Reino Unido
65%
Lituânia
64%
Malta
64%
Países Baixos
63%
Ucrânia
63%
Croácia
62%
Suíça
61%
Bélgica
60%
Bulgária
60%
Chéquia
60%
Finlândia
60%
Mônaco
60%
Romênia
60%
San Marino
60%
Bielorrússia
59%
Bósnia e Herzegovina
59%
Rússia
59%
Alemanha
58%
Andorra
58%
França
58%
Luxemburgo
58%
Macedónia do Norte
58%
Albânia
57%
Dinamarca
57%
Estônia
57%
Kosovo
57%
Portugal
57%
Hungria
56%
Noruega
56%
Sérvia
56%
Suécia
56%
Vaticano
56%
Eslováquia
55%
Liechtenstein
55%
Moldávia
55%
Montenegro
55%
Polônia
55%
Islândia
54%
Letónia
54%
Irlanda
53%
Áustria
52%
Itália
52%
Nenhum quiz correspondente encontrado
Distribuição das Pontuações
Porcentagem de Pessoas com Cada Pontuação
Percentil de Números Respondidos
Sua Pontuação Histórica
Você não jogou esse quiz